[Event "SRB-ch Women Semifinal 2019"]
[Site "Kragujevac"]
[Date "2019.03.12"]
[Round "7.2"]
[White "Vujcic, Milena"]
[Black "Nestorovic, Katarina"]
[Result "1/2-1/2"]
[WhiteElo "1958"]
[BlackElo "2040"]
[Annotator "NA RC"]
[PlyCount "31"]
[EventDate "2019.03.08"]
[EventType "swiss"]
[EventCountry "SRB"]
[SourceTitle "playchess.com"]
[Source "ChessBase"]
[SourceQuality "1"]
[TimeControl "40/5400+30:1800+30"]

{[%evp 8,30,64,29,32767,14,20,22,14,0,13,11,14,-8,32767,13,12,32767,32767,32767,15,32767,32767,32767,147]} 1. e4 {[%emt 0:00:00]} c5 {[%emt 0:00:00]} 2. Nf3 {[%emt 0:00:00]} e6 {[%emt 0:00:00]} 3. d4 {[%emt 0:00:00]} cxd4 {[%emt 0:00:00]} 4. Nxd4 {[%emt 0:00:00]} d6 {[%emt 0:00:00]} 5. Nc3 {[%emt 0:00:28]} a6 {[%emt 0:00:55]} 6. a4 {[%emt 0:06:47]} Nc6 {[%emt 0:08:44]} 7. Be3 {[%emt 0:02:30]} Nf6 {[%emt 0:00:36]} 8. Be2 {[%emt 0:01:52]} Be7 {[%emt 0:01:00]} 9. O-O {[%emt 0:00:09]} O-O {[%emt 0:00:20]} 10. Kh1 {[%emt 0:03:29]} Qc7 {[%emt 0:07:31]} 11. f4 {[%emt 0:01:46]} Nxd4 {[%emt 0:01:02]} 12. Qxd4 {[%emt 0:03:13]} e5 {[%emt 0:02:33]} 13. Qd2 {[%emt 0:00:52]} Bd7 {[%emt 0:01:35]} 14. Nd5 {[%emt 0:04:46]} Nxd5 {[%emt 0:00:49]} 15. exd5 {[%emt 0:00:20]} b5 $16 {[%emt 0:14:32]} (15... exf4 $11 16. Rxf4 (16. Bxf4 Bf5 $14) 16... Rae8) 16. axb5 {[%emt 0:17:44]} 1/2-1/2

[Event "SRB-ch Women Semifinal 2019"]
[Site "Kragujevac"]
[Date "2019.03.12"]
[Round "7.3"]
[White "Eric, Jovana"]
[Black "Grozdanovic, Anastasia"]
[Result "1-0"]
[WhiteElo "2205"]
[BlackElo "1635"]
[Annotator "TA"]
[PlyCount "30"]
[EventDate "2019.03.08"]
[EventType "swiss"]
[EventCountry "SRB"]
[SourceTitle "playchess.com"]
[Source "ChessBase"]
[SourceQuality "1"]

{[%evp 1,1,16]} 1. e4 {Predecessor:} e5 $146 2. Nf3 Nc6 3. Bc4 Bc5 4. c3 Nf6 5. d3 O-O 6. O-O d5 7. exd5 Nxd5 8. a4 a5 9. Re1 Bg4 10. Nbd2 Nb6 11. Bb5 Bd6 12. Ne4 Na7 13. h3 Bh5 14. Ng3 Bxf3 15. Qxf3 c6 {½-½ (33) Nakamura,H (2777)-So,W (2780) chess.com INT 2018} 1-0

[Event "SRB-ch Women Semifinal 2019"]
[Site "Kragujevac"]
[Date "2019.03.12"]
[Round "7.4"]
[White "Bojicic, Andjela"]
[Black "Drljevic, Ljilja"]
[Result "0-1"]
[WhiteElo "2168"]
[BlackElo "2188"]
[Annotator "TA"]
[PlyCount "100"]
[EventDate "2019.03.08"]
[EventType "swiss"]
[EventCountry "SRB"]
[SourceTitle "playchess.com"]
[Source "ChessBase"]
[SourceQuality "1"]

{[%evp 14,100,22,19,44,32,44,27,40,33,41,43,54,34,28,24,42,0,79,70,123,126,122,96,96,102,143,85,146,126,119,125,202,144,147,120,166,183,199,0,271,250,258,245,265,210,250,249,247,247,256,128,131,120,168,188,169,159,172,176,176,172,177,174,79,58,75,36,29,-61,25,-51,-65,-48,-26,-78,-62,-113,0,-18,0,0,0,0,0,0,0,-351,-367]} 1. d4 d6 2. c4 e5 3. Nc3 Nd7 4. Nf3 Ngf6 5. Bg5 Be7 6. e3 O-O 7. Be2 Re8 {A54: Old Indian Defence with Nf3, but without e4} (7... c6 8. O-O Re8 9. Qc2 h6 10. Bh4 a6 11. Rad1 Qc7 12. a3 Bf8 13. b4 a5 14. c5 axb4 15. axb4 exd4 16. exd4 {0-1 (50) Vitiugov,N (2694)-Milos,G (2603) Khanty-Mansiysk 2009}) 8. O-O {LiveBook: 5 Games} b6 9. Qc2 Bb7 {White is slightly better.} 10. dxe5 $146 ({Predecessor:} 10. Rfd1 Qc8 11. Rac1 Bd8 12. d5 h6 13. Bh4 Nh7 14. Bd3 Nhf8 15. b4 Bxh4 16. Nxh4 {0-1 (58) Agbor Ebot,J (1931)-Noah,A (2326) Tromsoe 2014}) 10... dxe5 11. Rfd1 {Nxe5! is the strong threat.} Qc8 12. Bxf6 Bxf6 13. Nd5 Bd8 14. Nd2 Nf8 15. Nf1 e4 (15... Qe6 $11) 16. c5 {[%cal Bc4c5,Bc5c6][%mdl 32]} Qf5 (16... bxc5 $14 17. Qxc5 Rb8) 17. c6 $16 Bc8 18. Ng3 $36 {[%mdl 2048] White is on the roll.} Qe5 19. Qc3 Qg5 20. Qc4 (20. Bc4 $142) 20... Bf5 ({Better is} 20... Qe5) 21. Nc3 Be6 22. Qxe4 Ng6 (22... Bf6 $16) 23. Qc2 Qc5 24. Rac1 Qe7 25. Nd5 Qg5 26. Nc3 $2 (26. f4 $18 Qh6 27. Nf5 Bxf5 28. Qxf5) 26... a6 $2 {[%mdl 8192]} (26... Qe7 $1 $11) 27. f4 $18 Nxf4 28. exf4 Qxf4 29. Qe4 Qh6 30. Nf5 Qg5 31. Rf1 Bf6 32. Ng3 (32. h4 $18 Qd2 33. Rc2) 32... Bxa2 $16 33. Qf3 Be6 34. Nce4 Bd4+ 35. Kh1 Qe5 {[#]} 36. Bc4 $1 Bxb2 37. Bxe6 Qxe6 38. Rb1 Be5 39. Ng5 Qf6 40. Qh5 ({But not} 40. Nxf7 $6 Qxf3 41. Rxf3 Bxg3 $11) 40... Qg6 41. Qxg6 (41. Nxf7 $11 Bxg3 42. Qxg6 hxg6 43. hxg3) 41... hxg6 (41... fxg6 $15 42. Rf2 a5) 42. Rfd1 (42. Nxf7 $11 Bxg3 43. hxg3) 42... a5 (42... f5 {is more complex.} 43. Nf3 Bf6 44. Kg1 a5 45. Nd4 a4) 43. Nf3 $1 a4 44. Nxe5 (44. Ne4 $11 {remains equal.}) 44... Rxe5 $17 45. Kg1 {[#]} (45. Rb4 $15) 45... b5 ({Black should play} 45... Rc5 $1 $17 46. Rd3 Rxc6) 46. Kf2 Ra6 47. Rdc1 a3 48. Rb4 a2 49. Ra1 Rxc6 {Hoping for ...Rc2+.} 50. Rxa2 $2 {[%mdl 8192]} (50. Rb2 $1 $11) 50... Rf6+ {Precision: White = 54%, Black = 29%.} 0-1

[Event "SRB-ch Women Semifinal 2019"]
[Site "Kragujevac"]
[Date "2019.03.13"]
[Round "8.1"]
[White "Grozdanovic, Anastasia"]
[Black "Bojicic, Andjela"]
[Result "0-1"]
[WhiteElo "1635"]
[BlackElo "2168"]
[Annotator "TA"]
[PlyCount "124"]
[EventDate "2019.03.08"]
[EventType "swiss"]
[EventCountry "SRB"]
[SourceTitle "playchess.com"]
[Source "ChessBase"]
[SourceQuality "1"]

{[%evp 9,124,8,15,26,15,7,5,3,28,10,15,0,9,-4,14,14,6,-18,31,-52,0,-163,-168,-170,-182,-170,-122,-271,-269,-380,-378,-393,-270,-300,-272,-262,-243,-252,-243,-322,-324,-329,-276,-253,0,-289,-220,-273,-241,-245,-241,-253,-193,-191,-161,-250,-237,-295,-320,-383,-370,-392,-373,-377,-244,-248,-236,-237,-224,-234,-233,-229,-221,-240,-247,-234,-229,-261,-262,-269,-262,-263,-269,-360,-313,-306,-234,-454,0,-276,0,-234,-235,-234,-232,-328,-328,-668,-657,-710,-702,-1246,-1250,-1183,-1082,-1048,-1051,-1048,-1048,-29979,-29980,-29980,-29981,-29979,-29980,-4718,-2051]} 1. b3 d6 2. Bb2 Nd7 3. e3 Ngf6 4. g3 (4. Nc3 g6 5. d4 Bg7 6. Qd2 c6 7. f3 O-O 8. g4 b5 9. g5 Nh5 10. a4 e5 11. axb5 exd4 12. exd4 {0-1 (63) Cabarkapa,N (2426)-Sanal,V (2533) Paracin 2017}) 4... g6 5. Bg2 Bg7 6. Ne2 {A01: Nimzowitsch-Larsen Opening} O-O 7. O-O e5 8. d3 {The position is equal.} Qe7 $146 ({Predecessor:} 8... c6 9. c4 Re8 10. Nbc3 Qc7 11. Rc1 Nc5 12. b4 Ne6 13. Qb3 Bd7 {1-0 (94) Saveliev,D (2093)-Beldyugin,A (2098) Uljanovsk 2014}) 9. Nd2 c6 10. c4 a5 11. a3 d5 12. Qc2 Re8 13. Rac1 dxc4 14. dxc4 ({Better is} 14. Nxc4 $14 b5 15. Nd2 (15. Bxc6 bxc4 16. Bxa8 Ba6 $11)) 14... Nf8 (14... Rd8 $15) 15. Nf3 $2 (15. Rfe1 $11) 15... Bf5 $36 {[%mdl 2048] Black is on the roll.} 16. Qd1 Red8 17. Qe1 N6d7 18. Nd2 (18. Qc3 $17) 18... Nc5 19. Ba1 (19. Bc3 $142) 19... Nd3 {[%mdl 64] [#] Double Attack} 20. Qd1 Nxc1 21. Qxc1 Bd3 22. Re1 Bxe2 23. Rxe2 Ne6 24. h4 Nc5 25. Qb1 Nd3 26. Be4 Nc5 $2 (26... Qd7 $19 27. Bg2 Qd6) 27. Bc2 $2 {[%mdl 8192]} (27. Bg2 $1 $11 {and White has nothing to worry.} f5 28. e4) 27... Qd7 28. Kg2 b5 29. cxb5 cxb5 30. Nf3 Qg4 31. Re1 Qe6 32. Kg1 (32. Bc3 {was necessary.}) 32... b4 33. a4 Rac8 34. h5 Qg4 35. Nxe5 Qxh5 36. Nc4 Ne6 37. Bxg7 Nxg7 38. Bd1 Qc5 39. Be2 h5 40. Qe4 Qg5 41. Kh2 Qf5 42. Qxf5 Nxf5 ({Weaker is} 42... gxf5 43. Rh1 $15) 43. Nxa5 Rc2 {And now ...Rdd2 would win.} 44. Nc4 Nd6 45. Kg1 Ne4 46. Kf1 Nc5 47. Rb1 Rc3 48. Re1 $2 (48. Bd1 {might work better.}) 48... Rc2 49. Rb1 Rc3 $2 (49... Ra2 $19 {White must now prevent ...Kh7.} 50. Rd1 Rxd1+ 51. Bxd1 Kg7) 50. Bd1 $2 {[#]} (50. Re1 $1 $11) 50... Nxa4 $1 {[%mdl 576] Deflection} 51. bxa4 {aiming for Ne5.} Rxc4 {[%mdl 4096] Endgame KRR-KRB} 52. Be2 (52. a5 $142) 52... Rc2 {Threatens to win with ...Rdd2.} 53. Rxb4 $2 (53. Bd1 Ra2 54. Bb3) 53... Rdd2 54. Bc4 Rxf2+ 55. Ke1 Rh2 {[%cal Rc2c1]} 56. Kd1 Rcg2 {( -> ...Rh1+)} 57. Ke1 Rg1+ 58. Bf1 Rxg3 59. a5 Rxe3+ 60. Kd1 Ra3 61. Rb1 Rxa5 62. Rc1 Rh1 {Accuracy: White = 30%, Black = 65%.} 0-1

[Event "SRB-ch Women Semifinal 2019"]
[Site "Kragujevac"]
[Date "2019.03.13"]
[Round "8.2"]
[White "Nestorovic, Katarina"]
[Black "Eric, Jovana"]
[Result "0-1"]
[WhiteElo "2040"]
[BlackElo "2205"]
[Annotator "TA"]
[PlyCount "92"]
[EventDate "2019.03.08"]
[EventType "swiss"]
[EventCountry "SRB"]
[SourceTitle "playchess.com"]
[Source "ChessBase"]
[SourceQuality "1"]

{[%evp 10,92,60,33,63,46,78,32,38,22,50,0,26,-18,-3,-18,-10,-28,-19,-41,0,-22,-15,-31,-7,-21,-20,-33,0,0,0,0,-29,-7,0,-7,40,23,26,27,33,33,207,83,48,68,39,-60,-6,-31,211,202,321,306,303,-8,-8,-102,-54,-74,-50,-60,-50,-31,-34,-81,-61,-69,-43,-42,-43,-43,-43,-65,-52,-873,-847,-815,-818,-792,-760,-29996,-1319,-1500,-1419]} 1. e4 e6 2. d4 d5 3. Nc3 Bb4 4. e5 b6 5. Qg4 Bf8 6. Be3 Ne7 {C16: French: 3 Nc3 Bb4 4 e5: Lines without ...c5} (6... Ba6 7. Bxa6 Nxa6 8. Nge2 Nb4 9. Rc1 Ne7 10. a3 Nbc6 11. Ng3 Qd7 12. O-O O-O-O 13. a4 Kb7 14. Ra1 {0-1 (50) Najer,E (2663)-Antipov,M (2593) Moscow 2018}) 7. O-O-O a5 $146 ({Predecessor:} 7... Qd7 8. Bb5 c6 9. Bf1 a5 10. Nf3 b5 11. Ne2 b4 12. Ng3 g6 13. h4 h6 14. h5 {½-½ (21) Dibley,S (2459)-Loeschnauer,R (2461) ICCF email 2008}) 8. a4 c6 {White is slightly better.} 9. Nh3 h6 10. Bd3 (10. Nf4 {feels hotter.} Na6 11. h4 Nb4 12. Qh3 Nf5 13. g4) 10... Ba6 11. f4 Bxd3 12. Rxd3 Na6 13. Qf3 Qd7 14. Rf1 Nb4 15. Rd2 h5 16. Ng5 Nf5 17. Bf2 b5 18. g3 Rb8 19. h3 bxa4 20. g4 Nh6 21. f5 $132 {[%mdl 2048] White puts up resistance} a3 22. bxa3 Na6 {And now ...hxg4 would win.} 23. fxe6 fxe6 24. Qd3 Bxa3+ 25. Kd1 Nc7 $2 (25... hxg4 $14 26. Qg6+ (26. Qxa6 Be7 $14) 26... Kd8) 26. Qg6+ (26. Bh4 $18 {is more deadly.} Qd8 27. Qg6+ Kd7 28. Qxg7+ Qe7 29. Nf7 Qxh4 30. Nxh8+ {[%mdl 64] Discovered Attack} Kc8 31. Rd3 hxg4 32. Nf7) 26... Kd8 $16 27. Bh4 (27. gxh5 Kc8 $17) 27... Kc8 28. Rdf2 (28. Nf7 $1 $14 Nxf7 29. Rxf7 {[%mdl 64] Double Attack}) 28... hxg4 ({Black should play} 28... c5 $15 29. Nf7 cxd4 30. Nxh8 dxc3) 29. Nf7 $11 Rf8 $2 (29... Nxf7 $15 {stays ahead.} 30. Rxf7 {[%mdl 64] Double Attack} Qe8 31. Qxg4 (31. Qxg7 Rb7 $17) 31... Rb7) 30. hxg4 $18 Nf5 {[#]} (30... Bb4 $142 31. Nd6+ (31. Qxg7 Nf5 $11 {[%mdl 64] Double Attack}) 31... Bxd6 32. exd6 (32. Rxf8+ Bxf8 33. Rxf8+ Kb7 $11) 32... Rxf2 33. Rxf2 Qxd6) 31. Nd6+ $1 {[%mdl 512]} Bxd6 32. gxf5 $2 (32. exd6 $18 Nb5 33. Nxb5 Rxb5 34. Be7 Rb1+ 35. Kd2 Rxf1 36. Rxf1 {[%mdl 64] Pin}) 32... Bb4 $11 33. Ne2 (33. fxe6 $11 {keeps the balance.} Nxe6 34. Na4) 33... Qf7 34. Qg5 {Strongly threatening fxe6.} Kb7 35. c3 Ba3 36. fxe6 Qxe6 {...Rxf2 is the strong threat.} 37. Qxg7 Rxf2 $1 38. Rxf2 {White wants to play Rf7.} Qh3 39. Rf7 $1 {[%cal Rf7c7]} Ka6 40. Qh7 $1 Rb2 {( -> ...Qe3)} 41. Bg5 $1 Qg2 $1 {[%csl LRe2,LRg5][%cal Rg2e2]} 42. Qd3+ $2 {[%mdl 8192]} (42. Bd2 $15) 42... Nb5 $19 43. Bd2 {[#]} Qh1+ $1 44. Be1 Ra2 {Hoping for ...Ra1+.} 45. Qb1 {[#]} Rxe2 (45... Nxc3+ $142 $1 {[%mdl 512]} 46. Nxc3 Qh5+ {[%mdl 64] Double Attack} 47. Rf3 Qxf3+ 48. Ne2 Qxe2#) 46. Kxe2 {[#]} Nxc3+ $1 {[%mdl 576] Pin. Accuracy: White = 40%, Black = 39%.} 0-1

[Event "SRB-ch Women Semifinal 2019"]
[Site "Kragujevac"]
[Date "2019.03.13"]
[Round "8.3"]
[White "Gajcin, Marina"]
[Black "Vujcic, Milena"]
[Result "1/2-1/2"]
[WhiteElo "2244"]
[BlackElo "1958"]
[Annotator "TA"]
[PlyCount "74"]
[EventDate "2019.03.08"]
[EventType "swiss"]
[EventCountry "SRB"]
[SourceTitle "playchess.com"]
[Source "ChessBase"]
[SourceQuality "1"]

{[%evp 13,74,37,29,8,24,20,43,42,38,39,45,32,33,21,22,20,22,14,43,45,41,40,45,21,12,19,38,66,75,67,75,81,46,0,0,0,0,0,0,0,0,0,0,0,0,0,0,0,0,0,0,0,0,0,0,0,0,0,0,0,0,0,0]} 1. e4 e5 2. Nf3 Nc6 3. Bb5 a6 4. Ba4 Nf6 5. d3 d6 6. c3 g6 7. O-O Bg7 8. d4 {C77: Ruy Lopez: 3...a6 4 Ba4 Nf6, unusual lines} (8. Re1 O-O 9. Nbd2 Nh5 10. Nf1 f5 11. Bb3+ Kh8 12. Ng5 Qf6 13. exf5 Bxf5 14. Be3 Nf4 15. Bxf4 exf4 16. Ne4 Bxe4 17. Rxe4 {½-½ (45) Carlsen,M (2835)-Shirov,A (2643) St Petersburg 2018}) 8... b5 ({Don't play} 8... Nxe4 $6 9. d5 $16) 9. dxe5 Nxe5 10. Nxe5 {[#] Strongly threatening Nc6.White is slightly better.} dxe5 11. Qxd8+ Kxd8 12. Bb3 Ke7 13. Be3 $146 Rd8 14. f3 Be6 15. Nd2 Rd3 16. Kf2 Rad8 17. Rfd1 Nh5 18. g3 f5 19. Ke2 f4 20. Bc5+ Kf7 $1 21. Bxe6+ Kxe6 {[#]} 22. g4 $1 {[%cal Rg4h5]} Nf6 23. Nb3 Rxd1 {The position is equal.} 24. Rxd1 Rxd1 25. Kxd1 $11 {[%mdl 4096] Endgame KBN-KBN} Nd7 26. Bb4 Bf6 27. Nc5+ Nxc5 28. Bxc5 {KB-KB} Be7 29. Bf2 c5 30. c4 b4 31. Kc2 Kd6 32. Kb3 Kc6 33. Ka4 Kb6 34. Kb3 Kc6 35. a3 a5 36. Ka4 Kb6 37. axb4 axb4 {Accuracy: White = 76%, Black = 68%.} 1/2-1/2

[Event "SRB-ch Women Semifinal 2019"]
[Site "Kragujevac"]
[Date "2019.03.13"]
[Round "8.4"]
[White "Blagojevic, Tijana"]
[Black "Benderac, Ana"]
[Result "1/2-1/2"]
[WhiteElo "2206"]
[BlackElo "2204"]
[Annotator "TA"]
[PlyCount "49"]
[EventDate "2019.03.08"]
[EventType "swiss"]
[EventCountry "SRB"]
[SourceTitle "playchess.com"]
[Source "ChessBase"]
[SourceQuality "1"]

{[%evp 17,49,35,54,50,64,59,75,62,84,63,93,88,139,60,70,54,109,109,108,105,104,95,95,43,39,0,35,39,62,0,11,0,65,0]} 1. e4 c5 2. Nf3 e6 3. c4 Nc6 4. d4 cxd4 5. Nxd4 Nf6 6. Nc3 d6 7. Be2 Be7 8. O-O O-O 9. Be3 Bd7 10. Nb3 {B54: Sicilian: 2...d6 3 d4 cxd4 4 Nxd4, Unusual Lines} (10. Rc1 Nxd4 11. Qxd4 Bc6 12. b4 b6 13. Rfd1 Qb8 14. a3 Rd8 15. f3 Bb7 16. Kh1 Qc7 17. Nb5 Qc6 18. Bf1 {½-½ (94) Naiditsch,A (2673)-Piorun,K (2655) Jurmala 2016}) 10... Na5 11. Nd2 b6 12. Rc1 {White is better.} Rc8 13. b4 $146 ({Predecessor:} 13. a3 Bc6 14. b4 Nb7 15. Bd4 Qc7 16. Nd5 Qd8 17. Nxe7+ Qxe7 {1-0 (39) Alexikov,A (2353)-Gogol,V (2032) Myrhorod 2011}) 13... Nb7 14. a3 Qc7 (14... e5 $142) 15. Nb5 (15. Qe1 $16) 15... Bxb5 $14 16. cxb5 Qxc1 ({Black should play} 16... Qb8 $14) 17. Qxc1 $16 Rxc1 18. Rxc1 Rb8 19. f3 Kf8 20. Nb3 ({White should try} 20. g3 $16) 20... e5 $1 $14 21. Bg5 Ne8 22. Bd2 Nf6 23. Bg5 (23. Bc3 $14) 23... Ne8 $11 24. Bd2 ({Better is} 24. Bxe7+ $11 Kxe7 25. Kf2) 24... Nf6 $14 25. Bg5 {Accuracy: White = 23%, Black = 44%.} (25. Bc3 $14) 1/2-1/2

[Event "SRB-ch Women Semifinal 2019"]
[Site "Kragujevac"]
[Date "2019.03.14"]
[Round "9.1"]
[White "Vujcic, Milena"]
[Black "Blagojevic, Tijana"]
[Result "1/2-1/2"]
[WhiteElo "1958"]
[BlackElo "2206"]
[Annotator "TA"]
[PlyCount "96"]
[EventDate "2019.03.08"]
[EventType "swiss"]
[EventCountry "SRB"]
[SourceTitle "playchess.com"]
[Source "ChessBase"]
[SourceQuality "1"]

{[%evp 19,96,10,11,8,20,20,18,28,32,26,17,25,8,18,38,0,1,0,0,-18,34,-40,-19,-9,6,8,22,19,9,7,56,-76,-45,-31,-45,-222,-254,-301,-42,-46,-42,-55,-53,-127,-28,-28,-29,-144,0,0,0,0,0,0,0,0,0,0,0,0,0,0,0,0,0,0,0,0,0,0,0,0,0,0,0,0,0,0,0]} 1. e4 e5 2. Nf3 Nc6 3. Bb5 a6 4. Ba4 Nf6 5. O-O Be7 6. d3 d6 7. c3 O-O 8. Re1 b5 9. Bb3 Na5 10. Bc2 c5 11. d4 {C90: Closed Ruy Lopez with 7...d6: Early deviations} Nd7 (11... Qc7 12. h3 cxd4 13. cxd4 Be6 14. Nbd2 Rac8 15. Bd3 Nc6 16. a3 exd4 17. Nf1 Rfe8 18. Ng3 g6 {0-1 (48) Karjakin,S (2753)-Postny,E (2615) St Petersburg 2018}) 12. a4 $146 ({Predecessor:} 12. Nbd2 Qc7 13. Nf1 Nc4 14. a4 Rb8 15. b3 Ncb6 16. Ne3 Nf6 {1-0 (31) Fedorchuk,S (2648)-Buhmann,R (2584) Katowice 2017}) 12... b4 13. cxb4 cxb4 14. Nbd2 Bf6 15. Nb3 exd4 16. Nfxd4 Nc4 17. Nc6 Qb6 18. Qd5 Bb7 19. Qxc4 {[#] aiming for Nca5.} Bxc6 ({Black should play} 19... Qxc6 $11 20. Qxc6 Bxc6) 20. a5 ({White should try} 20. Be3 $14 Ne5 21. Qe2) 20... Qb7 21. Nd4 Ne5 22. Qe2 Rfe8 23. f4 Nd7 24. Nf5 Re6 (24... Qc7 {is more complex.} 25. Qd1 Rad8 26. Nxd6 Ne5 27. fxe5 Rxe5 28. Bf4 Rxd6 29. Qe2 Bb5) 25. Qd1 (25. Bb3 $14 {stays ahead.} d5 26. Be3) 25... Bxe4 (25... Nc5 {keeps more tension.} 26. Nxd6 Rxd6 27. Qxd6 Rd8 28. Qxc5 Bd4+) 26. Bxe4 Rxe4 27. Rxe4 $2 (27. Be3 $15 Re6 28. Nd4 Bxd4 29. Qxd4) 27... Qxe4 $19 28. Nxd6 Qd4+ $2 (28... Qe6 $19 29. g3 Be7) 29. Qxd4 $15 Bxd4+ 30. Kf1 Nc5 31. Nf5 (31. Bd2 $15) 31... Bf6 (31... Nb3 $17 32. Rb1 Bc5) 32. Be3 $11 Nd3 33. Ra4 (33. Bd4 $11 {remains equal.}) 33... Bxb2 (33... Re8 $17 {Threatens to win with ...g6.} 34. Ke2 Nxf4+ {[%mdl 64] Double Attack} 35. Kf3 Nd3) 34. Ke2 {The position is equal.} Rd8 35. Ne7+ $1 Kf8 36. Nc6 {[%mdl 64] [#] Double Attack} Rd5 {...Bc3 is the strong threat.} 37. Nxb4 Nxb4 38. Rxb4 {[%mdl 4096] Endgame KRB-KRB} Bc3 39. Rb8+ Ke7 40. Rb7+ Ke8 41. Rb8+ Ke7 42. Rb7+ Ke6 43. Rb6+ Rd6 44. f5+ Kd5 45. Rb7 Bxa5 46. Rxf7 Bc3 47. Kd3 Bf6 48. g4 h6 {Accuracy: White = 47%, Black = 52%.} 1/2-1/2

[Event "SRB-ch Women Semifinal 2019"]
[Site "Kragujevac"]
[Date "2019.03.14"]
[Round "9.2"]
[White "Eric, Jovana"]
[Black "Gajcin, Marina"]
[Result "1/2-1/2"]
[WhiteElo "2205"]
[BlackElo "2244"]
[Annotator "TA"]
[PlyCount "98"]
[EventDate "2019.03.08"]
[EventType "swiss"]
[EventCountry "SRB"]
[SourceTitle "playchess.com"]
[Source "ChessBase"]
[SourceQuality "1"]

{[%evp 17,98,-75,-65,-81,-53,-65,0,-75,-55,-56,-52,-68,-65,-64,-26,-36,-16,-18,0,0,0,-29,27,29,23,-15,0,0,0,1,2,0,0,0,66,61,72,75,85,83,80,78,133,114,109,35,40,19,21,4,3,11,43,45,89,13,54,20,30,0,0,0,0,0,4,4,29,0,0,0,0,0,0,0,0,0,0,0,0,0,0,0,0]} 1. e4 c5 2. Nc3 Nc6 3. g3 g6 4. Bg2 Bg7 5. d3 e6 6. f4 Nge7 7. Nf3 d5 8. exd5 exd5 9. O-O O-O 10. Re1 {B24: Closed Sicilian: 3 g3 sidelines} Be6 $146 ({Predecessor:} 10... a6 11. h3 b5 12. g4 Bb7 13. Ne2 Qc7 14. d4 c4 15. Ne5 f6 16. Nxc6 Bxc6 17. Ng3 Rfe8 {0-1 (63) Andrukhovich,E (1429)-Dubovyk,A (1826) Minsk 2018}) 11. Ng5 Bc8 (11... Bf5 $15) 12. Bd2 (12. Nf3 $1 $11) 12... h6 13. Nf3 Be6 14. Qc1 Kh7 15. Nd1 Qb6 16. c3 Qa6 17. Nf2 b5 18. g4 Rae8 19. h3 Bd7 (19... Qb6 $142) 20. Be3 $11 d4 21. Bd2 c4 22. dxc4 bxc4 23. cxd4 Nxd4 24. Bc3 $36 {[%mdl 2048] White has some pressure.} Nec6 25. Qd2 {[%cal Rf3d4]} Nxf3+ (25... Rxe1+ $11 26. Rxe1 Rd8) 26. Bxf3 $14 Bxc3 27. Qxc3 {Black must now prevent Rxe8.} Qa5 28. Ne4 Qxc3 29. bxc3 {[#] Nf6+ is the strong threat.} f5 (29... Kg7 $142) 30. Nc5 Nb8 31. Nxd7 (31. Rxe8 $16 Rxe8 32. Kf2) 31... Nxd7 32. gxf5 gxf5 33. Bc6 Rxe1+ 34. Rxe1 $11 {[%mdl 4096] Endgame KRB-KRN} Rg8+ 35. Kf2 Rg7 36. Kf3 ({Better is} 36. Ba4 $16) 36... Nf6 37. Re5 Rc7 $1 {[%cal Rc7c6]} 38. Ba8 (38. Ba4 {with more complications.} Ne4 39. Bc2 Nxc3 40. Ra5 Kg6 41. Bxf5+ Kf6 42. Bc2) 38... Kg6 39. Bd5 Nxd5 40. Rxd5 {KR-KR} Rc6 41. a4 {[%cal Ba2a4,Ba4a5][%mdl 32]} Kf6 42. a5 Ke6 {The position is equal.} 43. Re5+ Kf6 44. Ke2 Re6 45. Re3 $1 Rd6 46. Re5 Rd3 47. Rc5 Rxc3 48. Rc6+ Kg7 49. h4 Rh3 {Accuracy: White = 60%, Black = 62%.} 1/2-1/2